000 00552nam a2200229Ia 4500
003 OSt
005 20221005113945.0
006 a|||||r|||| 00| 0
007 ta
008 221004b |||||||| |||| 00| 0 kan d
024 _a45886
037 _cTextual
040 _aCRL
_cCRL
_bkan
041 _2kan
_akan
082 _aP33,Ex1,1:g, K9
100 _aBiligiri Au.
_9625233
245 0 _aAloka
260 _c1969
650 _aLINGUISTICS
942 _hP33,Ex1,1:g, K9
_cTEXL
_2cc
999 _c1029871
_d1029871